00564nam a2200193 4500010001300000020001500013035001300028037001800041040001200059082001300071245007600084260004200160270005400202300002000256650002500276650003100301650001400332700002400346 aA-779878 a0886877806 aA-779878 bCen Lib / Ret aDPLbEN a050bWOR aThe World almanac and book of facts, 1996 /cedied by Robert Famighetti aNew JerseybWorld Almanac Booksc1996 aOne International Boulevard Suite 444bNew Jersey a975p b27cm(Hb) aAlmanacs, American.  aStatistics -- Periodicals. aAlmanacs. aFamighetti, Robert